Sexion d'Assaut - l'Apogée - Statistiques

Statistiques générales
  • Ce quiz a été pris 163 fois
  • Le résultat moyen est 9 sur 17
Statistiques - réponses
Numéro Titre de la Chanson % Correct
2 Ma direction
88%
3 Disque d'or
80%
11 Avant qu'elle parte
78%
1 Mets pas celle là
68%
7 Africain
67%
15 Wati House
67%
6 Balader
65%
5 Melrose Place
56%
17 J'reste debout
53%
9 La Tache
47%
16 75 degrès
44%
8 Assez
43%
14 Paname allons danser
42%
4 L'Endurance
40%
10 J'suis pas dans le Game
36%
13 A coeur ouvert
35%
12 Rien de méchant
28%
Aucun quiz correspondant
Distribution des résultats
% des personnes avec chaque résultat
Percentile par nombre de réponses
Votre historique - résultats
Vous n’avez pas pris ce quiz